<?xml version="1.0" encoding="UTF-8"?>
<record
    xmlns:xsi="http://www.w3.org/2001/XMLSchema-instance"
    xsi:schemaLocation="http://www.loc.gov/MARC21/slim http://www.loc.gov/standards/marcxml/schema/MARC21slim.xsd"
    xmlns="http://www.loc.gov/MARC21/slim">

  <leader>02746nam a22002654a 4500</leader>
  <controlfield tag="003">BOLpUSFA</controlfield>
  <controlfield tag="005">20260407144410.0</controlfield>
  <controlfield tag="008">      t        bo     grm    000 f spa d</controlfield>
  <datafield tag="040" ind1=" " ind2=" ">
    <subfield code="a">BOLpUSFA</subfield>
  </datafield>
  <datafield tag="041" ind1=" " ind2=" ">
    <subfield code="a">spa</subfield>
  </datafield>
  <datafield tag="044" ind1=" " ind2=" ">
    <subfield code="a">BO</subfield>
  </datafield>
  <datafield tag="082" ind1=" " ind2=" ">
    <subfield code="a">ADM0039</subfield>
    <subfield code="b">C988ePG</subfield>
  </datafield>
  <datafield tag="100" ind1=" " ind2=" ">
    <subfield code="a">Cutili Larico, Walter</subfield>
  </datafield>
  <datafield tag="245" ind1=" " ind2=" ">
    <subfield code="a">Estudio de factibilidad para la creaci&#xF3;n de una Empresa de Servicio de Transporte escolar en el Distrito 8 de la ciudad de El Alto</subfield>
  </datafield>
  <datafield tag="260" ind1=" " ind2=" ">
    <subfield code="a">El Alto: </subfield>
    <subfield code="b">Universidad Privada San Francisco de As&#xED;s. Carrera de Administraci&#xF3;n de Empresas,</subfield>
    <subfield code="c">2025</subfield>
  </datafield>
  <datafield tag="300" ind1=" " ind2=" ">
    <subfield code="a">166 p.</subfield>
  </datafield>
  <datafield tag="502" ind1=" " ind2=" ">
    <subfield code="a">Modalidad: Proyecto de Grado - 
Tutor: Ing. Carlos Villarroel Prieto 
</subfield>
  </datafield>
  <datafield tag="520" ind1=" " ind2=" ">
    <subfield code="a">El distrito 8 de El Alto ha registrado un incremento del 11% en la poblaci&#xF3;n estudiantil 
matriculada,  alcanzando  los  48,569  estudiantes  en  2025.  Este  crecimiento  ha 
generado dificultades para los padres y familias, quienes enfrentan problemas en el 
transporte p&#xFA;blico como cobros abusivos, congesti&#xF3;n vehicular, rutas interrumpidas y 
veh&#xED;culos en mal estado, lo que dificulta el traslado seguro y puntual de sus hijos a las 
unidades educativas. Ante esta situaci&#xF3;n, se identific&#xF3; la necesidad de un servicio de 
transporte  escolar  eficiente  y  confiable.  

Para  evaluar  la  viabilidad  del  proyecto,  se 
realiz&#xF3; un estudio de factibilidad que incluy&#xF3; un an&#xE1;lisis de mercado, el cual permiti&#xF3; 
identificar  la  demanda  disponible  en  el  nicho  de  transporte  escolar  privado  en  las 
unidades educativas del distrito 8 de la ciudad de El Alto. Adem&#xE1;s, se consider&#xF3; iniciar 
operaciones con una flota de nueve veh&#xED;culos tipo minib&#xFA;s abarcando un porcentaje 
moderado de la demanda identificada. El estudio tambi&#xE9;n incluy&#xF3; el dise&#xF1;o del proceso 
administrativo  para  organizar  y  sistematizar  las  operaciones  de  la  empresa,  y  el 
desarrollo de estrategias de marketing enfocadas en la publicidad en redes sociales, 
as&#xED; como en la convivencia y vinculaci&#xF3;n con el entorno comunitario para fortalecer la 
aceptaci&#xF3;n  del  servicio.  Finalmente,  el  an&#xE1;lisis  financiero  evidenci&#xF3;  un  Valor  Actual 
Neto (VAN) positivo de Bs. 167,234.98 y una Tasa Interna de Retorno (TIR) del 13%, 
indicadores que confirman la factibilidad econ&#xF3;mica del proyecto. En conjunto, estos 
resultados respaldan la creaci&#xF3;n de una empresa de transporte escolar que contribuya 
a mejorar la movilidad y seguridad de los estudiantes, as&#xED; como al desarrollo social y 
econ&#xF3;mico del distrito 8. 
</subfield>
  </datafield>
  <datafield tag="650" ind1=" " ind2=" ">
    <subfield code="a">Administraci&#xF3;n de Empresas</subfield>
  </datafield>
  <datafield tag="650" ind1=" " ind2=" ">
    <subfield code="a">Proyecto de Grado</subfield>
  </datafield>
  <datafield tag="650" ind1=" " ind2=" ">
    <subfield code="a">Estudio de factibilidad</subfield>
  </datafield>
  <datafield tag="650" ind1=" " ind2=" ">
    <subfield code="a">Transporte escolar</subfield>
  </datafield>
  <datafield tag="651" ind1=" " ind2=" ">
    <subfield code="a">El Alto</subfield>
  </datafield>
  <datafield tag="942" ind1=" " ind2=" ">
    <subfield code="2">ddc</subfield>
    <subfield code="c">TE</subfield>
    <subfield code="z">LLO</subfield>
  </datafield>
  <datafield tag="999" ind1=" " ind2=" ">
    <subfield code="c">9687</subfield>
    <subfield code="d">9687</subfield>
  </datafield>
  <datafield tag="952" ind1=" " ind2=" ">
    <subfield code="0">0</subfield>
    <subfield code="1">0</subfield>
    <subfield code="2">ddc</subfield>
    <subfield code="4">0</subfield>
    <subfield code="7">0</subfield>
    <subfield code="8">2</subfield>
    <subfield code="a">BEA</subfield>
    <subfield code="b">BEA</subfield>
    <subfield code="c">3</subfield>
    <subfield code="d">2026-03-30</subfield>
    <subfield code="e">4</subfield>
    <subfield code="l">0</subfield>
    <subfield code="o">ADM0039 C988ePG</subfield>
    <subfield code="p">BEA01535</subfield>
    <subfield code="r">2026-03-30</subfield>
    <subfield code="w">2026-03-30</subfield>
    <subfield code="y">TE</subfield>
  </datafield>
</record>
